00652cam a22002171i 4500001001300000003000400013005001700017008004100034010001700075035002000092040002100112042001200133050001800145100002900163245009000192260008900282300002200371650001400393650001000407999001700417he 67002346 DLC20260227111451.0880303m19501965is 000 0 heb  ahe 67002346  a(OCoLC)19181649 aDLCcMHdCUdDLC apremarc00aBM522.26b.R41 aBreisch, Mordecai Jacob.10aḤelḳat Yaʻaḳov :bsheʼelot u-teshuvot be-4 ḥelḳe ha-Shulḥan ʻarukh ... aYerushalayim :bHotsaʼat Maḥaziḳe ha-dat,c711-726 [1950 or 1951-1965 or 1966]. a3 v. ;c34-38 cm. 0aResponsa. 0aEruv. c32780d32780